<?xml version="1.0" encoding="UTF-8" ?>
<collection xmlns="http://www.loc.gov/MARC21/slim"><record><leader>01165nam a2200241 nc4500</leader><controlfield tag="001">48174</controlfield><controlfield tag="003">CH-000273-5</controlfield><controlfield tag="005">20180207085005.0</controlfield><datafield tag="035" ind1=" " ind2=" "><subfield code="a">(OCoLC)906902988</subfield></datafield><datafield tag="040" ind1=" " ind2=" "><subfield code="a">CH-000273-5</subfield><subfield code="b">ger</subfield><subfield code="e">rda</subfield></datafield><datafield tag="041" ind1=" " ind2=" "><subfield code="a">ger</subfield></datafield><datafield tag="245" ind1="0" ind2="0"><subfield code="a">Verzeichnis der bei der gemeinschaftlichen Schweizerische Kunstausstellung von 1846 von den Kunstvereinen in Basel, Zürich, Bern, Luzern, Winterthur und St. Gallen angekauften und den 23. Nov. in Zürich unter sämmtlichen Actionären verloosten Kunstgegenstände</subfield></datafield><datafield tag="264" ind1="0" ind2="1"><subfield code="a">[Zürich]</subfield><subfield code="b">J. J. Ulrich</subfield><subfield code="c">[1846]</subfield></datafield><datafield tag="300" ind1=" " ind2=" "><subfield code="a">3 ungezählte Seiten</subfield><subfield code="c">26,5 cm</subfield></datafield><datafield tag="336" ind1=" " ind2=" "><subfield code="a">Text</subfield><subfield code="b">txt</subfield><subfield code="2">rdacontent</subfield></datafield><datafield tag="337" ind1=" " ind2=" "><subfield code="a">ohne Hilfsmittel zu benutzen</subfield><subfield code="b">n</subfield><subfield code="2">rdamedia</subfield></datafield><datafield tag="338" ind1=" " ind2=" "><subfield code="a">Band</subfield><subfield code="b">nc</subfield><subfield code="2">rdacarrier</subfield></datafield><datafield tag="651" ind1="0" ind2="7"><subfield code="a">Schweiz</subfield><subfield code="x">Kunst</subfield><subfield code="y">Geschichte 1846</subfield><subfield code="2">gnd</subfield></datafield><datafield tag="655" ind1="0" ind2="7"><subfield code="a">Ausstellungskatalog</subfield><subfield code="x">Schweizerische Kunst-Ausstellung (1846 : Basel, Zürich, Bern)</subfield><subfield code="y">1846</subfield><subfield code="z">Zürich</subfield><subfield code="2">gnd-content</subfield></datafield><datafield tag="655" ind1="0" ind2="7"><subfield code="a">Bildband</subfield><subfield code="2">gnd-content</subfield></datafield><datafield tag="711" ind1="2" ind2="0"><subfield code="a">Schweizerische Kunst-Ausstellung</subfield><subfield code="d">(1846 :</subfield><subfield code="c">Basel, Zürich, Bern)</subfield><subfield code="j">Veranstalter</subfield><subfield code="4">orm</subfield></datafield><datafield tag="852" ind1="4" ind2="0"><subfield code="a">CH-000273-5</subfield><subfield code="c">a3/Z 80:1846</subfield></datafield><datafield tag="856" ind1="4" ind2="1"><subfield code="u">https://digital.kunsthaus.ch:443/viewer/image/48174/1/</subfield><subfield code="y">Kunsthaus Zürich Sammlungen online</subfield></datafield></record></collection>